zpět

Detail výsledku týmu

Dělnický dům, Jihlava

Datum a čas kvízu

14.5 Celkem bodů Celkový počet nahraných bodů na tomto kvízu bez doplňovacích otázek.
8. Pořadí na kvízu Konečné umístění týmu na tomto kvízu.

Zaznamenané odpovědi

# Otázka Odpověď Body Výsledky
1. Nezvykle brzy letos vykvetly n... Jizerka 0
2. V pondělí večer došlo k úplném... přes Severní Ameriku 1
3. Rozhořčení občané jednoho měst... v Táboře 0
4. Andrej Babiš se na sociálních... Věra Jourová 0
5. Který německý fotbalový klub s... Bayer Leverkusen 1
6. V pěti otázkách tohoto tématu... na 2. stupni 0
7. Jaká je denní dávka kuchyňské... B 1
8. Tato sůl získala své růžové zb... himálajská 1
9. Nejen lidé, ale i zvířata potř... liz 1
10. Chcete-li si užít blahodárného... D) Bad Ischl 0